Logo BPK

Biblioteka

Politechniki Koszalińskiej

Kodeks pracy : (Rekord nr 30824)

Szczegóły MARC
000 -ETYKIETA REKORDU
podpole kontrolne o stałej długości 00752nam a2200241 i 4500
001 - NUMER KONTROLNY REKORDU
pole kontrolne bg
020 ## - MIĘDZYNARODOWY ZNORMALIZOWANY NUMER KSIĄŻKI - ISBN
ISBN 8386143681
040 ## - ŹRÓDŁO KATALOGOWANIA
Instytucja, która utworzyła rekord BPK
041 0# - KOD JĘZYKA
Kod języka tekstu pol
080 ## - UNIWERSALNA KLASYFIKACJA DZIESIĘTNA - UKD
UKD 349.2(438)
920 ## - Międzynarodowy znormalizowany numer książki – ISBN
ISBN 83-86143-68-1
008 - POLE O STAŁEJ DŁUGOŚCI - DANE KONTROLNE
podpole kontrolne o stałej długości s pl f |000 0 pol
245 00 - TYTUŁ/ODPOWIEDZIALNOŚĆ
Tytuł Kodeks pracy :
Ciąg dalszy tytułu najnowsze zmiany, objaśnienia, wybrane ustawy, skorowidz rzeczowy /
Pozostałe elementy strefy tytułu i oznaczenia odpowiedzialności [wprow. Andrzej Krajewski].
246 1# - WARIANT TYTUŁU
Tytuł Kodeks pracy po wielkiej nowelizacji
250 ## - STREFA WYDANIA
Oznaczenie wydania [Stan prawny na dzień 2 lutego 1996 r].
260 ## - STREFA ADRESU WYDAWNICZEGO
Miejsce wydania Warszawa :
Nazwa wydawcy/dystrybutora "Infor",
Data publikacji, dystrybucji/powstania dokumentu 1995.
300 ## - STREFA OPISU FIZYCZNEGO
Objętość XL, 200 s. ;
Rozmiary 21 cm.
500 ## - UWAGI OGÓLNE
Tekst uwagi Tyt. okł. Kodeks pracy po wielkiej nowelizacji.
504 ## - UWAGA DOTYCZĄCA BIBLIOGRAFII
Informacje o bibliografii Indeks.
650 #9 - HASŁO PRZEDMIOTOWE W FORMIE NAZWY OGÓLNEJ LUB JEDNOSTKOWEJ
Nazwa ogólna lub geograficzna Prawo pracy
Określnik geograficzny Polska
700 1# - HASŁO DODATKOWE - NAZWA OSOBOWA
Nazwa osobowa KRAJEWSKI, Andrzej.
Określenie związku między hasłem a opisywanym materiałem aw
856 ## - LOKALIZACJA I DOSTĘP DO ELEKTRONICZNYCH DOKUMENTÓW ZDALNYCH
Link (URL) http://koha.tu.koszalin.pl/cgi-bin/koha/opac-detail.pl?biblionumber=30824
Tekst linku Katalog online BPK
942 ## - DODATKOWE ELEMENTY (KOHA)
Typ dokumentu Książka
Egzemplarze
Wycofany Status egzemplarza Uszkodzony Dostępność Lokalizacja stała Lokalizacja bieżąca Miejsce przechowywania Sygnatura Kod kreskowy Typ dokumentu
      Dostępny Biblioteka Politechniki Koszalińskiej Biblioteka Politechniki Koszalińskiej Wypożyczalnia BG 37689 01882742 Książka
© 2023 Biblioteka Politechniki Koszalińskiej :: KOHA